000 00440nam a2200181Ia 4500
001 16106
005 20260306170245.0
008 260306t2016||||xx |||||||||||||| ||und||
041 _aESP
082 _a346.6
_bT75 2016 T. 1
100 _aTorres Vásquez, Aníbal
_eAUT
245 0 _aTeoría general del contrato
260 _c2016
300 _a875 páginas :
_c25 cm.
650 _aGEN
654 _aCDE
942 _cLIB
_dJUS
_fJUS
_2ddc
_n
999 _c16106
_d16106